000 01630nam0a2200337 i 4500
001 RU\NLR\bibl\2004271
005 20260607064728.0
010 _a9785751610791
_93000
021 _aRU
_b2013-8431
_9610
035 _a(NLR Aleph) 001992950
090 _a4250917
_c4250917
100 _a20130225d2012 d y0rusy50 ca
101 0 _arus
102 _aRU
105 _aa |||||||||
200 1 _aСказки
_e[для детей среднего школьного возраста]
_fКонстантин Паустовский
_gхудож. Татьяна Русакова
210 _aМосква
_cТекст
_d2012
215 _a82, [4] с.
_cцв. ил.
_d30
300 _aЗагл. обл.: Растрепанный воробей: сказки
327 1 _aСодерж.: Растрепанный воробей; Квакша; Дремучий медведь; Похождения жука-носорога; Стальное колечко; Теплый хлеб
512 1 _6z73790
_aРастрепанный воробей
_eсказки
686 _aШ9(2)62=Р7-2
700 1 _4070
_8rus
_7ca
_aПаустовский
_bК. Г.
_gКонстантин Георгиевич
_f1892-1968
_3RU\NLR\auth\7725989
_99034
702 1 _4040
_7ca
_8rus
_aРусакова
_bТ. О.
_cхудожник
_gТатьяна О.
_967942
_3RU\NLR\auth\7785014
790 1 _4070
_8rus
_7ca
_aПаустовский
_bК. Г.
_gКонстантин Георгиевич
_f1892-1968
_3RU\NLR\auth\7725989
_99034
801 0 _aRU
_bNLR
_c20130225
_gRCR
801 1 _aRU
_bNLR
_c20130225
942 _cBOOK
980 _aNBR